书目信息 |
| 题名: |
高考状元手册
|
|
| 作者: | 马复华 , 丰来迎 主编 | |
| 分册: | 语文 | |
| 出版信息: | 北京 知识出版社 2003.07 |
|
| 页数: | 433页 | |
| 开本: | 21cm | |
| 丛书名: | ||
| 单 册: | ||
| 中图分类: | G634 | |
| 科图分类: | ||
| 主题词: | 语文课--高中--升学参考资料 | |
| 电子资源: | ||
| ISBN: | 7-5015-3910-3 | |
| 000 | 00687nam1 2200241 45 | |
| 001 | 012004000000 | |
| 005 | 20041025111410.51 | |
| 010 | @a7-5015-3910-3@dCNY 29.00 | |
| 100 | @a20040910e2003 em y0chiy0121 ea | |
| 101 | 0 | @achi |
| 102 | @aCN@b110000 | |
| 105 | @ay z 000yy | |
| 200 | 1 | @a高考状元手册@Agao kao zhuang yuan shou ce@i语文@f马复华, 丰来迎主编 |
| 210 | @a北京@c知识出版社@d2003.07@h2003.8重印 | |
| 215 | @a433页@d21cm | |
| 320 | @a本书含附录 | |
| 517 | 1 | @a语文 |
| 606 | 0 | @a语文课@x高中@j升学参考资料 |
| 690 | @aG634@v4 | |
| 701 | 0 | @a马复华@Ama fu hua@4主编 |
| 701 | 0 | @a丰来迎@Afeng lai ying@4主编 |
| 801 | 0 | @aCN@bQSSKt@c20041025 |
| 905 | @a10447@dG634@eM041 | |
| 高考状元手册.语文/马复华, 丰来迎主编.-北京:知识出版社,2003.07(2003.8重印) |
| 433页;21cm |
| ISBN 7-5015-3910-3:CNY 29.00 |
| ● |
| 相关链接 |
|
|
|
正题名:高考状元手册
索取号:G634/M041
 
预约/预借
| 序号 | 登录号 | 条形码 | 馆藏地/架位号 | 状态 | 备注 |
| 1 | 422260 | 204222607 | 社科库409/409社科库 8排1列5层/ [索取号:G634/M041] | 在馆 | |
| 2 | 422261 | 204222616 | 社科库409/409社科库 8排1列5层/ [索取号:G634/M041] | 在馆 |